Climate change and plants in East Asia

Zapisane w:
Opis bibliograficzny
1. autor: Kenji Omasa
Format: Książka
Język:Undetermined
Wydane: Tokyo Springer - Verlag 1996
Hasła przedmiotowe:
Etykiety: Dodaj etykietę
Nie ma etykietki, Dołącz pierwszą etykiete!
Thư viện lưu trữ: Trung tâm Học liệu Trường Đại học Cần Thơ
LEADER 00556nam a2200181Ia 4500
001 CTU_38551
008 210402s9999 xx 000 0 und d
082 |a 632.1 
082 |b O54 
100 |a Kenji Omasa 
245 0 |a Climate change and plants in East Asia 
245 0 |c Kenji Omasa, Hiroshi Taoda, Keiko Kai, Masatoshi Yoshino, Zenbei Uchijima 
260 |a Tokyo 
260 |b Springer - Verlag 
260 |c 1996 
650 |a plants, effect of temperature on 
904 |i Liên, 990423 
980 |a Trung tâm Học liệu Trường Đại học Cần Thơ